000 00525cam a2200193 4500
001 D8745
008 090401t1983 xxu||||| |||| 00| 0 eng d
035 _a(Sirsi) u14917
041 _aeng
050 _a690.240285
100 _aSkinner, N.P.
245 _aInterpreting feedback information - some examples from housing maintenance
260 _aGarston, Watford
_bBuilding Research Establishment
_c1983
300 _a5p. 30cm
350 _a0
490 _aInformation Paper
_v6/83
942 _n0
948 _c04/03/1997
999 _c87227
_d87227